What's in Washington, D.C.? / (Record no. 1804)

MARC details
000 -LEADER
fixed length control field 01323cam a2200385 a 4500
001 - CONTROL NUMBER
control field 1804
003 - CONTROL NUMBER IDENTIFIER
control field FISKH
005 - DATE AND TIME OF LATEST TRANSACTION
control field 20231002144602.0
008 - FIXED-LENGTH DATA ELEMENTS--GENERAL INFORMATION
fixed length control field 080623s2009 nyuab j b 001 0 eng
010 ## - LIBRARY OF CONGRESS CONTROL NUMBER
LC control number 2008027083
020 ## - INTERNATIONAL STANDARD BOOK NUMBER
International Standard Book Number 9780531210925 (lib. bdg.)
020 ## - INTERNATIONAL STANDARD BOOK NUMBER
International Standard Book Number 0531210928 (lib. bdg.)
020 ## - INTERNATIONAL STANDARD BOOK NUMBER
International Standard Book Number 9780531224298 (pbk.)
020 ## - INTERNATIONAL STANDARD BOOK NUMBER
International Standard Book Number 0531224295 (pbk.)
040 ## - CATALOGING SOURCE
Original cataloging agency DLC
Transcribing agency DLC
Modifying agency DLC
Language of cataloging eng
043 ## - GEOGRAPHIC AREA CODE
Geographic area code n-us-dc
050 00 - LIBRARY OF CONGRESS CALL NUMBER
Classification number F194.3
Item number .F35 2009
082 00 - DEWEY DECIMAL CLASSIFICATION NUMBER
Classification number 917.5304/42
Edition number 22
100 1# - MAIN ENTRY--PERSONAL NAME
Personal name Falk, Laine,
Dates associated with a name 1974-
245 10 - TITLE STATEMENT
Title What's in Washington, D.C.? /
Statement of responsibility, etc. Laine Falk.
260 ## - PUBLICATION, DISTRIBUTION, ETC.
Place of publication, distribution, etc. New York :
Name of publisher, distributor, etc. Scholastic,
Date of publication, distribution, etc. 2009.
300 ## - PHYSICAL DESCRIPTION
Extent 24 pages :
Other physical details color ; maps ;
Dimensions 22 cm.
490 0# - SERIES STATEMENT
Series statement Scholastic news nonfiction readers
490 0# - SERIES STATEMENT
Series statement American symbols
505 0# - FORMATTED CONTENTS NOTE
Formatted contents note K<br/>
520 ## - SUMMARY, ETC.
Summary, etc. An introduction to sightseeing in the U.S.'s capitol.
521 8# - TARGET AUDIENCE NOTE
Target audience note 530<br/>
Source Lexile<br/>
521 8# - TARGET AUDIENCE NOTE
Target audience note K<br/>
Source Raz-Plus<br/>
651 #0 - SUBJECT ADDED ENTRY--GEOGRAPHIC NAME
Geographic name Washington (D.C.)
General subdivision Description and travel
Form subdivision Juvenile literature.
856 41 - ELECTRONIC LOCATION AND ACCESS
Materials specified Table of contents only
Uniform Resource Identifier <a href="http://www.loc.gov/catdir/toc/ecip0821/2008027083.html">http://www.loc.gov/catdir/toc/ecip0821/2008027083.html</a>
906 ## - LOCAL DATA ELEMENT F, LDF (RLIN)
a 7
b cbc
c orignew
d 1
e ecip
f 20
g y-gencatlg
942 ## - ADDED ENTRY ELEMENTS (KOHA)
Source of classification or shelving scheme Dewey Decimal Classification
Koha item type Books
Suppress in OPAC No
Holdings
Withdrawn status Lost status Source of classification or shelving scheme Damaged status Not for loan Collection Home library Current library Shelving location Date acquired Total Checkouts Full call number Barcode Date last seen Copy number Price effective from Koha item type
    Dewey Decimal Classification     Non-Fiction Footprints International School Library Network Toul Kork Campus Footprints International School Library Network Toul Kork Campus TK Primary Library Room(4th Floor), Bookcase 3&4, Shelves 17-32, Yellow Books 10/02/2023   FAL 917.5304 F194.3 FISBK05913 10/02/2023 1 10/02/2023 Books
    Dewey Decimal Classification     Non-Fiction Footprints International School Library Network Toul Tom Poung Campus Footprints International School Library Network Toul Tom Poung Campus TTP Primary Yellow Bookshelves 10/30/2025   FAL 917.5304 F194.3 FISBK05953 10/30/2025 2 10/30/2025 Books